[Event "Mindsports"]
[Site "Beijing CHN"]
[Date "2008.10.04"]
[EventDate "2008.10.04"]
[Round "1"]
[Result "0-1"]
[White "Betul Cemre Yildiz"]
[Black "Jovanka Houska"]
[WhiteElo "2219"]
[BlackElo "2399"]
[PlyCount "42"]

1. e4 c6 2. d4 d5 3. Nc3 dxe4 4. Nxe4 Bf5 5. Ng3 Bg6 6. Nf3
Nd7 7. h4 h6 8. h5 Bh7 9. Bd3 Bxd3 10. Qxd3 e6 11. Bd2 Ngf6
12. O-O-O Be7 13. Ne4 O-O 14. Kb1 c5 15. c3 Qb6 16. Rdg1 cxd4
17. Nxd4 Rfd8 18. Be3 Nc5 19. Nxc5 Bxc5 20. Qe2 Nd5 21. g4
Nxc3+ 0-1

[Event "Mindsports"]
[Site "Beijing CHN"]
[Date "2008.10.04"]
[EventDate "2008.10.04"]
[Round "2"]
[Result "1-0"]
[White "Ghate Swathi"]
[Black "Betul Cemre Yildiz"]
[WhiteElo "2320"]
[BlackElo "2219"]
[PlyCount "69"]

1. e4 e5 2. Nf3 Nc6 3. Bb5 a6 4. Ba4 Nf6 5. O-O b5 6. Bb3 Bb7
7. d3 Be7 8. a3 O-O 9. Re1 d6 10. Nc3 Na5 11. Ba2 c5 12. Ne2
Nc6 13. Ng3 Qc7 14. c3 Rad8 15. Nf5 d5 16. Qe2 dxe4 17. dxe4
c4 18. Nxe7+ Nxe7 19. Bb1 Ng6 20. Bg5 Rd7 21. Bc2 h6 22. Bxh6
gxh6 23. Qe3 Kh7 24. a4 Nf4 25. Nh4 Rg8 26. g3 Nd3 27. Nf5 Rg6
28. Reb1 b4 29. h4 h5 30. Bd1 Nc5 31. Bxh5 Bxe4 32. Bxg6+ fxg6
33. Qh6+ Kg8 34. Qxg6+ Kf8 35. Qh6+ 1-0

[Event "Mindsports"]
[Site "Beijing CHN"]
[Date "2008.10.04"]
[EventDate "2008.10.04"]
[Round "3"]
[Result "1-0"]
[White "Betul Cemre Yildiz"]
[Black "Petra Schuurman"]
[WhiteElo "2219"]
[BlackElo "2324"]
[PlyCount "49"]

1. e4 c6 2. d4 d5 3. Nc3 dxe4 4. Nxe4 Bf5 5. Ng3 Bg6 6. Nf3
Nd7 7. h4 h6 8. h5 Bh7 9. Bd3 Bxd3 10. Qxd3 e6 11. Bf4 Qa5+
12. Bd2 Qc7 13. O-O-O Ngf6 14. Ne4 Be7 15. Kb1 c5 16. c3 c4
17. Qe2 Nxe4 18. Qxe4 Nf6 19. Qe2 O-O 20. Ne5 b5 21. g4 Nd5
22. Rdg1 b4 23. g5 hxg5 24. h6 g6 25. Nxg6 1-0

[Event "Mindsports"]
[Site "Beijing CHN"]
[Date "2008.10.04"]
[EventDate "2008.10.04"]
[Round "4"]
[Result "1-0"]
[White "Huang Qian"]
[Black "Betul Cemre Yildiz"]
[WhiteElo "2430"]
[BlackElo "2219"]
[PlyCount "89"]

1. d4 d5 2. Nf3 Nf6 3. c4 dxc4 4. Nc3 a6 5. e4 b5 6. e5 Nd5
7. a4 Bb7 8. Be2 e6 9. O-O Be7 10. Nd2 O-O 11. Bf3 Nxc3
12. bxc3 Bxf3 13. Qxf3 Nd7 14. Ne4 Nb6 15. a5 Nd5 16. Bd2 Rc8
17. Rfd1 c5 18. dxc5 Bxc5 19. Bg5 Qc7 20. Qg3 Kh8 21. Re1 Be7
22. h4 h6 23. Bxe7 Qxe7 24. Red1 Rc6 25. Nd6 Rb8 26. Qf3 Rf8
27. g3 f6 28. Ne4 fxe5 29. Qe2 Qf7 30. Rac1 Nf6 31. Nd2 Rd6
32. Nf3 Rxd1+ 33. Rxd1 e4 34. Ne5 Qe8 35. Rd6 Nd5 36. Rxa6
Nxc3 37. Qe1 b4 38. Ra7 Qb5 39. Ng6+ Kg8 40. Nxf8 Kxf8 41. Qe3
Kg8 42. Qd4 e5 43. Qd8+ Kh7 44. Qf8 Ne2+ 45. Kg2 1-0

[Event "Mindsports"]
[Site "Beijing CHN"]
[Date "2008.10.04"]
[EventDate "2008.10.04"]
[Round "5"]
[Result "0-1"]
[White "Betul Cemre Yildiz"]
[Black "Zhaoqin Peng"]
[WhiteElo "2219"]
[BlackElo "2455"]
[PlyCount "65"]

1. e4 e6 2. d4 d5 3. Nd2 Be7 4. c3 c5 5. exd5 exd5 6. Ngf3 Nf6
7. Bb5+ Bd7 8. Bxd7+ Nbxd7 9. O-O O-O 10. dxc5 Nxc5 11. Nb3
Nce4 12. Nbd4 Re8 13. Qb3 Qd7 14. Bf4 Bf8 15. Ne5 Qc8 16. Nd3
Qg4 17. Be3 Qc8 18. Rad1 b6 19. a4 h6 20. Nb4 Nc5 21. Qa2 Qd7
22. Nb5 a6 23. Nxd5 Nxd5 24. Rxd5 Qc6 25. Bxc5 bxc5 26. Na3
Qxa4 27. Rf5 Qd7 28. Rf3 Re6 29. Nc2 Rae8 30. Ne3 Re4 31. h3
Qe6 32. Qb1 Rb8 33. c4 0-1

[Event "Mindsports"]
[Site "Beijing CHN"]
[Date "2008.10.04"]
[EventDate "2008.10.04"]
[Round "8"]
[Result "1-0"]
[White "Le Thao Nguyen Pham"]
[Black "Betul Cemre Yildiz"]
[WhiteElo "2304"]
[BlackElo "2219"]
[PlyCount "56"]

1. d4 d5 2. Nf3 Nf6 3. e3 e6 4. Bd3 b6 5. Qe2 Bb7 6. b3 Be7
7. Bb2 O-O 8. O-O a5 9. Nbd2 Ne4 10. a3 Nd7 11. c4 a4 12. b4
c5 13. bxc5 bxc5 14. Rfc1 Qa5 15. Rc2 Rab8 16. h3 Rfc8
17. Rac1 cxd4 18. Nxd4 Ne5 19. cxd5 Rxc2 20. Rxc2 exd5
21. Nxe4 dxe4 22. Bb5 Bf6 23. Qd1 Bd5 24. Qc1 h6 25. Bf1 Bb7
26. Rc5 Qxc5 27. Nf5 Qc7 28. Bd4 Nf3+ 1-0

[Event "Mindsports"]
[Site "Beijing CHN"]
[Date "2008.10.04"]
[EventDate "2008.10.04"]
[Round "10"]
[Result "1-0"]
[White "Betul Cemre Yildiz"]
[Black "Irina Vasilevich"]
[WhiteElo "2219"]
[BlackElo "2354"]
[PlyCount "53"]

1. e4 c5 2. Nf3 e6 3. d4 cxd4 4. Nxd4 a6 5. c4 Nf6 6. Nc3 Bb4
7. Qc2 Bxc3+ 8. bxc3 d6 9. Be2 Nbd7 10. O-O Nc5 11. Bd3 e5
12. Nb3 Qc7 13. f4 Nxd3 14. Qxd3 Be6 15. c5 dxc5 16. fxe5 c4
17. Qg3 cxb3 18. exf6 Qxg3 19. hxg3 bxa2 20. fxg7 Rg8 21. Bh6
Rc8 22. Rfd1 Rxc3 23. Bg5 Rc8 24. Bf6 b5 25. Rd6 b4 26. Rad1
a1=Q 27. Rxa1 1-0

[Event "Mindsports"]
[Site "Beijing CHN"]
[Date "2008.10.05"]
[EventDate "2008.10.05"]
[Round "1"]
[Result "1-0"]
[White "Jovanka Houska"]
[Black "Betul Cemre Yildiz"]
[WhiteElo "2399"]
[BlackElo "2219"]
[PlyCount "77"]

1. d4 d5 2. Nf3 Nf6 3. c4 dxc4 4. e3 e6 5. Bxc4 c5 6. O-O a6
7. dxc5 Bxc5 8. Qxd8+ Kxd8 9. a3 b5 10. Be2 Bb7 11. b4 Bd6
12. Nbd2 Nbd7 13. Nb3 Rc8 14. Bd2 Ne4 15. Be1 Nb6 16. Nfd4 Bd5
17. f3 Nf6 18. e4 Bc4 19. Bf2 Nfd7 20. Na5 Bxe2 21. Nxe2 Ke7
22. Nd4 Nc4 23. Nac6+ Ke8 24. f4 Bxf4 25. a4 e5 26. Na7 Ra8
27. Ndc6 Be3 28. axb5 axb5 29. Nxb5 Rxa1 30. Rxa1 Ndb6
31. Bxe3 Nxe3 32. Ra7 Nec4 33. Rb7 Nd7 34. Nc7+ Kf8 35. Nd5
Ke8 36. Nb8 Nf6 37. Na6 Nd7 38. Nc5 Nxc5 39. bxc5 1-0

[Event "Mindsports"]
[Site "Beijing CHN"]
[Date "2008.10.05"]
[EventDate "2008.10.05"]
[Round "2"]
[Result "1/2-1/2"]
[White "Betul Cemre Yildiz"]
[Black "Irina Vasilevich"]
[WhiteElo "2219"]
[BlackElo "2354"]
[PlyCount "87"]

1. e4 c5 2. Nf3 e6 3. d4 cxd4 4. Nxd4 a6 5. c4 Nf6 6. Nc3 Bb4
7. Bd3 Bxc3+ 8. bxc3 d6 9. Ba3 Qc7 10. Nb3 Nbd7 11. O-O b6
12. Bc2 Nc5 13. e5 dxe5 14. Nxc5 bxc5 15. Qf3 Rb8 16. Qe3 Nd7
17. Ba4 O-O 18. Rfd1 Qa5 19. Bxd7 Qxa3 20. Bxc8 Rbxc8 21. Qxe5
Rcd8 22. h3 h6 23. Qc7 Qxc3 24. Rxd8 Qxa1+ 25. Kh2 Rxd8
26. Qxd8+ Kh7 27. Qd6 Qd4 28. Qxd4 cxd4 29. c5 d3 30. c6 d2
31. c7 d1=Q 32. c8=Q Qd2 33. Qxa6 Qxf2 34. a4 Qf4+ 35. Kh1 e5
36. a5 Qc1+ 37. Kh2 e4 38. Qe2 f5 39. a6 Qa1 40. Qb5 Qf6
41. a7 Qd6+ 42. Kh1 Qd1+ 43. Kh2 Qd6+ 44. Kh1 1/2-1/2

[Event "Mindsports"]
[Site "Beijing CHN"]
[Date "2008.10.05"]
[EventDate "2008.10.05"]
[Round "3"]
[Result "1/2-1/2"]
[White "Tania Sachdev"]
[Black "Betul Cemre Yildiz"]
[WhiteElo "2425"]
[BlackElo "2219"]
[PlyCount "113"]

1. d4 d5 2. Nf3 Nf6 3. c4 dxc4 4. e3 e6 5. Bxc4 c5 6. O-O a6
7. a4 Nc6 8. Bb3 b6 9. Nc3 Bb7 10. Qe2 Be7 11. Rd1 Qc7 12. Bd2
O-O 13. Rac1 Rfd8 14. Be1 Rac8 15. d5 exd5 16. Bxd5 Nb4
17. Bxb7 Qxb7 18. e4 Nd7 19. Bd2 Nf8 20. Be3 Ne6 21. h3 c4
22. Nd5 Nxd5 23. exd5 Rxd5 24. Rxd5 Qxd5 25. Bxb6 Bf6 26. Rd1
Qc6 27. a5 Nf4 28. Qd2 Ne6 29. Qb4 h6 30. Be3 Qe4 31. Rc1 Nf4
32. Bxf4 Qxf4 33. Rc2 Qe4 34. Rd2 Qf5 35. Qb6 c3 36. bxc3 Bxc3
37. Ra2 Qd3 38. Qb3 Qd8 39. g3 Bxa5 40. Ne5 Qc7 41. Rxa5 Qxa5
42. Qxf7+ Kh8 43. Ng6+ Kh7 44. Nf8+ Rxf8 45. Qxf8 Qe1+ 46. Kh2
Qe4 47. Qc5 Qf3 48. Kg1 Qe4 49. h4 Qb1+ 50. Kg2 Qb7+ 51. Kh2
Qb5 52. Qc2+ Kh8 53. Qc8+ Kh7 54. Qc2+ Kg8 55. Qc8+ Kf7
56. Qc7+ Kg8 57. Qc8+ 1/2-1/2

[Event "Mindsports"]
[Site "Beijing CHN"]
[Date "2008.10.06"]
[EventDate "2008.10.05"]
[Round "4"]
[Result "0-1"]
[White "Betul Cemre Yildiz"]
[Black "Le Thao Nguyen Pham"]
[WhiteElo "2219"]
[BlackElo "2304"]
[PlyCount "57"]

1. e4 c5 2. Nf3 e6 3. d4 cxd4 4. Nxd4 a6 5. c4 Nf6 6. Nc3 Bb4
7. Bd3 Nc6 8. Nde2 d5 9. cxd5 exd5 10. exd5 Nxd5 11. O-O Nxc3
12. Nxc3 O-O 13. Nd5 Bd6 14. Be3 Ne5 15. Be2 Bf5 16. Rc1 Qh4
17. g3 Qd8 18. Bb6 Qd7 19. Bc7 Be4 20. Nb6 Qh3 21. f3 Ng4
22. Rf2 Bxc7 23. Nxa8 Nxf2 24. Kxf2 Qxh2+ 25. Ke3 Rxa8
26. Rxc7 Bc6 27. Qd6 Re8+ 28. Re7 Qh6+ 29. Kd4 0-1

[Event "Mindsports"]
[Site "Beijing CHN"]
[Date "2008.10.06"]
[EventDate "2008.10.05"]
[Round "6"]
[Result "0-1"]
[White "Betul Cemre Yildiz"]
[Black "Nisha Mohota"]
[WhiteElo "2219"]
[BlackElo "2311"]
[PlyCount "48"]

1. e4 Nf6 2. e5 Nd5 3. c4 Nb6 4. c5 Nd5 5. Bc4 e6 6. d4 d6
7. cxd6 cxd6 8. Nf3 Be7 9. O-O O-O 10. Qe2 b6 11. Nbd2 Bb7
12. Ne4 dxe5 13. dxe5 Nd7 14. Bg5 Nxe5 15. Nxe5 Bxg5 16. Rad1
Be7 17. f4 Qc7 18. Ng3 Bc5+ 19. Kh1 Ne3 20. Rd7 Qc8 21. Rg1
Nxc4 22. Qxc4 Bxg1 23. Rc7 Bd5 24. Qc3 Bd4 0-1

[Event "Mindsports"]
[Site "Beijing CHN"]
[Date "2008.10.06"]
[EventDate "2008.10.05"]
[Round "7"]
[Result "0-1"]
[White "Petra Schuurman"]
[Black "Betul Cemre Yildiz"]
[WhiteElo "2324"]
[BlackElo "2219"]
[PlyCount "62"]

1. Nf3 d5 2. d4 Nf6 3. c4 dxc4 4. Qa4+ c6 5. Qxc4 b5 6. Qc2
Bb7 7. Nc3 e6 8. e4 a6 9. e5 Nd5 10. Ne4 Nd7 11. Bg5 Qb6
12. Rc1 Nb4 13. Qb1 c5 14. Be3 Qa5 15. Nc3 cxd4 16. Bxd4 Nc6
17. Qd3 b4 18. Ne4 Nxd4 19. Qxd4 b3+ 20. Nc3 bxa2 21. Ra1 Bc5
22. Qf4 Bb4 23. Bd3 Bxc3+ 24. bxc3 Qxc3+ 25. Ke2 Qb2+ 26. Nd2
Rd8 27. Qa4 Qxe5+ 28. Be4 f5 29. f4 Qxf4 30. Bc6 Qe5+ 31. Kf2
Qc5+ 0-1

[Event "Mindsports"]
[Site "Beijing CHN"]
[Date "2008.10.07"]
[EventDate "2008.10.05"]
[Round "8"]
[Result "1/2-1/2"]
[White "Betul Cemre Yildiz"]
[Black "Natalia Zdebskaja"]
[WhiteElo "2219"]
[BlackElo "2419"]
[PlyCount "119"]

1. e4 c5 2. Nf3 d6 3. d4 cxd4 4. Nxd4 Nf6 5. f3 e5 6. Nb3 Be6
7. c4 a5 8. Be3 a4 9. N3d2 Qa5 10. Be2 Be7 11. O-O O-O 12. Na3
Nc6 13. Ndb1 Bd8 14. Nc3 Bb6 15. Qd2 Bxe3+ 16. Qxe3 Nd4
17. Ncb5 Nxe2+ 18. Qxe2 Qb6+ 19. Qf2 Qc6 20. Rfd1 Rfd8
21. Rac1 b6 22. Nc3 Rac8 23. Rc2 Nd7 24. Ncb5 Nc5 25. Na7 Qb7
26. Nxc8 Qxc8 27. Nb5 Qc6 28. Rcd2 Nb7 29. b3 h6 30. Qe3 Rd7
31. Nc3 axb3 32. axb3 Na5 33. Nb5 Bxc4 34. Na7 Rxa7 35. Rxd6
Qc5 36. Qxc5 bxc5 37. bxc4 Nxc4 38. Rd8+ Kh7 39. Rc1 Ra4
40. Rd5 Ne3 41. Rd3 Nc4 42. Rdc3 Nb2 43. Rb3 Nc4 44. Rbc3 Nb2
45. Kf2 c4 46. Ke3 Kg6 47. g3 Rb4 48. f4 Kf6 49. Kf3 Ke6
50. Ke3 Kd6 51. h3 f6 52. Kf3 Kc5 53. Ke3 Na4 54. R3c2 Rb3+
55. Kd2 Rd3+ 56. Ke2 Rd4 57. Ke3 Rd3+ 58. Ke2 Rd4 59. Ke3 Rd3+
60. Ke2 1/2-1/2

[Event "Mindsports"]
[Site "Beijing CHN"]
[Date "2008.10.09"]
[EventDate "2008.10.09"]
[Round "1"]
[Result "1/2-1/2"]
[White "Yelena Dembo"]
[Black "Betul Cemre Yildiz"]
[WhiteElo "2446"]
[BlackElo "2219"]
[PlyCount "108"]

1. e4 e5 2. Nf3 Nc6 3. d4 exd4 4. Nxd4 Bc5 5. Be3 Qf6 6. c3
Qg6 7. Qf3 Bxd4 8. cxd4 Nb4 9. Na3 Ne7 10. Be2 d5 11. exd5
Nbxd5 12. O-O Bf5 13. Nc4 Be4 14. Qh3 Bf5 15. Qg3 Qxg3
16. hxg3 Nxe3 17. fxe3 O-O 18. Rac1 Bg6 19. Bf3 c6 20. Kf2
Rad8 21. Na5 Rd7 22. Nb3 Nf5 23. Rfe1 Re8 24. g4 Nd6 25. Nd2
Ne4+ 26. Nxe4 Bxe4 27. Rc5 Rde7 28. Ra5 a6 29. Rc5 f6 30. a4
Kf7 31. a5 Rd8 32. Rec1 Rde8 33. R1c3 Rd8 34. Rb3 Rdd7 35. Rb6
Ke8 36. Rc3 Kd8 37. Kg3 Kc8 38. Rbb3 Rd5 39. Bxe4 Rxe4 40. Kf3
Re7 41. Ra3 Rb5 42. b3 h5 43. gxh5 Rf5+ 44. Ke2 Rxh5 45. Kd3
Rg5 46. Rc2 Rg3 47. Re2 f5 48. Kd2 Kc7 49. Ra1 Re4 50. Rf1 g6
51. Rh1 Re7 52. Rf1 Re4 53. Rh1 Re7 54. Rf1 Re4 1/2-1/2

[Event "Mindsports"]
[Site "Beijing CHN"]
[Date "2008.10.11"]
[EventDate "2008.10.09"]
[Round "9"]
[Result "1-0"]
[White "Betul Cemre Yildiz"]
[Black "Zhaoqin Peng"]
[WhiteElo "2219"]
[BlackElo "2455"]
[PlyCount "165"]

1. e4 c5 2. Nf3 e6 3. d4 cxd4 4. Nxd4 Nf6 5. Bd3 Nc6 6. Nxc6
bxc6 7. O-O d5 8. Nd2 Be7 9. c4 O-O 10. Qc2 g6 11. b3 Bb7
12. Bb2 c5 13. cxd5 exd5 14. Rfe1 Rc8 15. Rad1 d4 16. Nc4 Qc7
17. Bc1 Rfe8 18. g3 Bf8 19. Bf4 Qd7 20. Ne5 Qd8 21. Nc4 Nh5
22. Bd2 Ba8 23. Qc1 Qd7 24. Bh6 Bg7 25. Bxg7 Kxg7 26. e5 f5
27. Rf1 Rc7 28. Qg5 h6 29. Qh4 Bf3 30. Qh3 Rf8 31. Rde1 Bg4
32. Qg2 f4 33. f3 Bh3 34. Qf2 fxg3 35. hxg3 Qe6 36. Re4 Bxf1
37. Bxf1 Rcf7 38. Bg2 Kh7 39. Nd6 Rc7 40. Nc4 Ng7 41. g4 Qe7
42. Qd2 Ne6 43. Qd1 Ng5 44. Re1 Ne6 45. Qb1 Qh4 46. Qe4 Ng5
47. Qe2 Nxf3+ 48. Bxf3 Rxf3 49. Qxf3 Qxe1+ 50. Kg2 Qh4 51. Nd6
Re7 52. e6 Qg5 53. Ne4 Qe5 54. Nf6+ Kg7 55. Ne8+ Kg8 56. Nf6+
Kg7 57. Ne8+ Kg8 58. Nf6+ Kg7 59. Ne8+ Kg8 60. Nf6+ Kh8
61. Nd7 Qg7 62. Qa8+ Qg8 63. Qf3 Rxe6 64. Nxc5 Re3 65. Qc6 Qe8
66. Qf6+ Kh7 67. Qxd4 Re2+ 68. Kf3 Re1 69. Ne4 Rf1+ 70. Kg2
Qf7 71. Qe3 Rf4 72. Kg3 g5 73. Qd3 Kg8 74. Qd8+ Kg7 75. Qd4+
Kh7 76. Qd3 Qg6 77. Qd7+ Rf7 78. Qd4 Qe6 79. Qd3 Qe5+ 80. Kg2
Kg7 81. Ng3 Qb2+ 82. Kh3 Qf6 83. Nh5+ 1-0

[Event "Mindsports"]
[Site "Beijing CHN"]
[Date "2008.10.13"]
[EventDate "2008.10.13"]
[Round "2"]
[Result "1/2-1/2"]
[White "Kateryna Dolzhykova"]
[Black "Betul Cemre Yildiz"]
[WhiteElo "2351"]
[BlackElo "2219"]
[PlyCount "137"]

1. e4 e5 2. Nf3 Nc6 3. Bb5 a6 4. Bxc6 dxc6 5. O-O Qf6 6. d3
Bg4 7. Be3 O-O-O 8. Nbd2 Bd6 9. h3 Bxf3 10. Qxf3 Qxf3 11. Nxf3
f6 12. Rfd1 Ne7 13. c3 c5 14. d4 cxd4 15. cxd4 Nc6 16. d5 Nb4
17. Rd2 a5 18. a3 Na6 19. Rc1 Kb8 20. Rdc2 b6 21. Nd2 Rhf8
22. Nc4 Bc5 23. Bxc5 Nxc5 24. Nxa5 Rd7 25. Nc6+ Kb7 26. f3 Re8
27. Rc4 f5 28. a4 fxe4 29. fxe4 Rf7 30. a5 Nb3 31. R1c3 Nxa5
32. Nxa5+ bxa5 33. Rb3+ Ka6 34. Rc6+ Ka7 35. Rb5 Rf4 36. Rxc7+
Ka6 37. Rbc5 Rxe4 38. R7c6+ Kb7 39. Rb5+ Ka7 40. Rxa5+ Kb7
41. Rb5+ Ka7 42. d6 Rd4 43. Rc3 Rxd6 44. Rc7+ Ka6 45. Rb3 Rg6
46. Rc1 Rb6 47. Ra3+ Kb7 48. Rc2 e4 49. Re3 Rb4 50. Kf2 Rf8+
51. Kg3 Rf5 52. Rce2 Rfb5 53. Rxe4 Rb3+ 54. Kg4 Rxb2 55. Rxb2
Rxb2 56. g3 Rc2 57. Re7+ Rc7 58. Rxc7+ Kxc7 59. Kf5 Kd7 60. g4
Ke7 61. g5 Kf7 62. h4 g6+ 63. Kf4 Ke6 64. Ke4 Kd6 65. Kd4 Ke6
66. Ke4 Kd6 67. Kd4 Ke6 68. Ke4 Kd6 69. Kd4 1/2-1/2

[Event "Mindsports"]
[Site "Beijing CHN"]
[Date "2008.10.13"]
[EventDate "2008.10.13"]
[Round "3"]
[Result "1-0"]
[White "Dronavalli Harika"]
[Black "Betul Cemre Yildiz"]
[WhiteElo "2461"]
[BlackElo "2219"]
[PlyCount "83"]

1. Nf3 d5 2. d4 Nf6 3. c4 dxc4 4. e3 e6 5. Bxc4 c5 6. O-O a6
7. Bb3 Nc6 8. Nc3 b5 9. Qe2 Be7 10. Rd1 O-O 11. d5 exd5
12. Nxd5 Nxd5 13. Bxd5 Qc7 14. e4 Bb7 15. Be3 Nb4 16. Bxb7
Qxb7 17. a3 Nc6 18. Rd5 c4 19. Rad1 Rad8 20. h3 Qc7 21. R1d2
Bf6 22. Qd1 Rxd5 23. exd5 Ne5 24. d6 Qd7 25. Nxe5 Bxe5 26. Qf3
Rc8 27. Qd5 Bf6 28. Bf4 h6 29. Bg3 Rc6 30. Kh2 Bg5 31. Re2 Bf6
32. Qe4 Rc8 33. Qd5 Rc6 34. Qf3 Rc8 35. Qe4 a5 36. Qd5 Rd8
37. a4 bxa4 38. Qxc4 Rb8 39. Qc7 Rb7 40. Qxa5 Rxb2 41. Rxb2
Bxb2 42. Qc7 1-0

[Event "Mindsports"]
[Site "Beijing CHN"]
[Date "2008.10.13"]
[EventDate "2008.10.13"]
[Round "7"]
[Result "1-0"]
[White "Zhao Xue"]
[Black "Betul Cemre Yildiz"]
[WhiteElo "2518"]
[BlackElo "2219"]
[PlyCount "43"]

1. Nf3 d5 2. d4 Nf6 3. e3 e6 4. c4 dxc4 5. Bxc4 c5 6. Qe2 a6
7. dxc5 Bxc5 8. O-O O-O 9. e4 b5 10. Bd3 Be7 11. e5 Nd5
12. Qe4 g6 13. h4 Bb7 14. h5 Nd7 15. hxg6 hxg6 16. Qg4 Kg7
17. Nbd2 Nb4 18. Bb1 Qc7 19. Qf4 Rac8 20. Ne4 Nc2 21. Qh6+ Kg8
22. Neg5 1-0

[Event "Mindsports"]
[Site "Beijing CHN"]
[Date "2008.10.13"]
[EventDate "2008.10.13"]
[Round "9"]
[Result "1-0"]
[White "Alexandra Kosteniuk"]
[Black "Betul Cemre Yildiz"]
[WhiteElo "2525"]
[BlackElo "2219"]
[PlyCount "37"]

1. e4 e5 2. Nf3 Nc6 3. Bb5 a6 4. Ba4 Nf6 5. d3 b5 6. Bb3 Be7
7. O-O O-O 8. a4 Bb7 9. Re1 d6 10. Nbd2 Na5 11. Ba2 c5 12. Nf1
Nc6 13. c3 Re8 14. Ng3 Bf8 15. Ng5 d5 16. exd5 Nxd5 17. Qh5 h6
18. Qxf7+ Kh8 19. Bxd5 1-0

[Event "Mindsports"]
[Site "Beijing CHN"]
[Date "2008.10.14"]
[EventDate "2008.10.13"]
[Round "1.1"]
[Result "1-0"]
[White "Zhao Xue"]
[Black "Betul Cemre Yildiz"]
[WhiteElo "2518"]
[BlackElo "2219"]
[PlyCount "79"]

1. d4 d5 2. Nf3 Nf6 3. e3 e6 4. b3 b6 5. Bb2 Bb7 6. Bd3 Be7
7. O-O O-O 8. c4 Nbd7 9. Nbd2 c5 10. Qe2 Rc8 11. Rac1 Qc7
12. cxd5 exd5 13. dxc5 bxc5 14. e4 Rfe8 15. e5 Bf8 16. h3 d4
17. Bxd4 Qb8 18. Bb2 g6 19. Bb5 Rcd8 20. Qc4 Nd5 21. Rfe1 Qc7
22. Ne4 Qb6 23. Bxd7 Rxd7 24. Rcd1 Red8 25. Qc1 Bg7 26. Nfd2
Qc7 27. Nc4 Nb4 28. Ned6 Ba6 29. Qb1 Nc6 30. Ne4 Re7 31. Nf6+
Bxf6 32. exf6 Rxe1+ 33. Rxe1 Bxc4 34. bxc4 Na5 35. Qc1 Qd6
36. Be5 Qf8 37. Bf4 Rd4 38. Bh6 Qd8 39. Qe3 Rd1 40. Rxd1 1-0

[Event "Mindsports"]
[Site "Beijing CHN"]
[Date "2008.10.14"]
[EventDate "2008.10.13"]
[Round "1.2"]
[Result "1/2-1/2"]
[White "Betul Cemre Yildiz"]
[Black "Yuhua Xu"]
[WhiteElo "2219"]
[BlackElo "2477"]
[PlyCount "138"]

1. e4 e6 2. d4 d5 3. Nd2 Be7 4. Ngf3 Nf6 5. exd5 exd5 6. Bd3
O-O 7. O-O c5 8. c3 Nc6 9. dxc5 Bxc5 10. Nb3 Bb6 11. h3 h6
12. Bf4 Be6 13. Bc2 Re8 14. Nbd4 Bd7 15. Qd3 Ne4 16. Be3 Qf6
17. Rad1 Rad8 18. Rfe1 Bc7 19. Nb5 Bb8 20. Qe2 a6 21. Nbd4 Ne5
22. Nxe5 Qxe5 23. Nf3 Qe6 24. Bd4 Bf4 25. Bb3 Bc6 26. Qf1 Qg6
27. Bc2 Bd7 28. Kh1 Qh5 29. Be3 Bb8 30. Bb3 Bxh3 31. gxh3
Qxf3+ 32. Qg2 Qxg2+ 33. Kxg2 Nf6 34. Bd4 Bf4 35. Bxf6 gxf6
36. Rxe8+ Rxe8 37. Rxd5 Re7 38. Rd8+ Kg7 39. Rd4 Bc7 40. Rg4+
Kf8 41. Rh4 Kg7 42. Rg4+ Kf8 43. Rh4 Kg7 44. Rg4+ Kf8 45. Rh4
Kg7 46. Rd4 Bb6 47. Rd2 Bc5 48. Bc4 a5 49. a4 b6 50. Kf3 Re5
51. Bd5 Rf5+ 52. Kg2 Rg5+ 53. Kf3 Rf5+ 54. Kg3 Rg5+ 55. Kf3
Rf5+ 56. Ke2 Rxf2+ 57. Ke1 Rxd2 58. Kxd2 f5 59. Ke2 Kf6
60. Kf3 Kg6 61. Bc4 f6 62. Be6 Kg5 63. Kg3 Bd6+ 64. Kf3 Bc5
65. Kg3 Bd6+ 66. Kf3 Bc5 67. b3 Bd6 68. Bd7 Be5 69. c4 Bd4
1/2-1/2

[Event "Mindsports"]
[Site "Beijing CHN"]
[Date "2008.10.14"]
[EventDate "2008.10.14"]
[Round "2"]
[Result "0-1"]
[White "Betul Cemre Yildiz"]
[Black "Tatjana Vasilevich"]
[WhiteElo "2219"]
[BlackElo "2368"]
[PlyCount "76"]

1. e4 c5 2. Nf3 a6 3. c4 Nc6 4. d4 cxd4 5. Nxd4 e6 6. Be3 Bb4+
7. Nc3 Bxc3+ 8. bxc3 d6 9. Bd3 Qc7 10. f4 Nf6 11. Nb3 b6
12. O-O Bb7 13. Nd2 Nd7 14. Qh5 Na5 15. Rab1 Nc6 16. Rf3 g6
17. Qh4 f6 18. Qh3 f5 19. exf5 exf5 20. Qh4 O-O 21. Rh3 Rf7
22. Nf3 Nc5 23. Bc2 Re8 24. Ng5 Rfe7 25. Bf2 Na5 26. Rg3 Nc6
27. Bxf5 Bc8 28. Bc2 Rf8 29. Rf1 Bf5 30. Bxf5 Rxf5 31. Bd4
Nxd4 32. cxd4 Ne4 33. Nxe4 Rxe4 34. Qg4 Qf7 35. Rb3 Qxc4
36. Qf3 Qxd4+ 37. Kh1 Rexf4 38. Qa8+ Rf8 0-1

[Event "Mindsports"]
[Site "Beijing CHN"]
[Date "2008.10.15"]
[EventDate "2008.10.14"]
[Round "6"]
[Result "1-0"]
[White "Le Thao Nguyen Pham"]
[Black "Betul Cemre Yildiz"]
[WhiteElo "2304"]
[BlackElo "2219"]
[PlyCount "47"]

1. d4 d5 2. Nf3 Nf6 3. e3 e6 4. Bd3 b6 5. b3 Bb7 6. Bb2 Be7
7. O-O Nbd7 8. Ne5 Nxe5 9. dxe5 Nd7 10. Nd2 O-O 11. f4 g6
12. Rf3 Nc5 13. Rh3 Nxd3 14. cxd3 c5 15. Qg4 Rc8 16. Rf1 b5
17. e4 c4 18. f5 c3 19. f6 Re8 20. fxe7 Qb6+ 21. Kh1 cxb2
22. Rxh7 Kxh7 23. Rxf7+ Kh8 24. Qh4+ 1-0

[Event "Mindsports"]
[Site "Beijing CHN"]
[Date "2008.10.16"]
[EventDate "2008.10.14"]
[Round "7"]
[Result "1-0"]
[White "Tania Sachdev"]
[Black "Betul Cemre Yildiz"]
[WhiteElo "2425"]
[BlackElo "2219"]
[PlyCount "133"]

1. d4 d5 2. Nf3 Nf6 3. c4 dxc4 4. Qa4+ c6 5. Qxc4 b5 6. Qd3 e6
7. Nc3 a6 8. Bg5 Qb6 9. Bxf6 gxf6 10. e3 Nd7 11. Qc2 Bb7
12. Rd1 f5 13. Be2 Nf6 14. Ne5 c5 15. dxc5 Bxc5 16. Bf3 Bxf3
17. Nxf3 Rg8 18. O-O Qc6 19. Qe2 Ng4 20. e4 b4 21. Nd5 Kf8
22. Ne3 Qxe4 23. Nd2 Qe5 24. Nf3 Qe4 25. Nd2 Qc6 26. Nxg4 Rxg4
27. Nf3 Ke7 28. h3 Rg7 29. Kh1 Rag8 30. Rg1 Qb6 31. Rd2 Bd6
32. Nd4 Qc5 33. Nf3 a5 34. Qa6 Bc7 35. Qe2 Qb6 36. Qd1 Qc6
37. Rc2 Qb6 38. Qc1 Bd6 39. Qd1 a4 40. Nd4 Bc5 41. Rd2 Bd6
42. Qe2 Kf8 43. Nf3 Bc7 44. Qc4 e5 45. Rc2 f6 46. Qc5+ Qxc5
47. Rxc5 Bd6 48. Rc6 Ke7 49. Nh4 Rg5 50. Rd1 Rd8 51. Nf3 Ke6
52. Nxg5+ fxg5 53. a3 bxa3 54. bxa3 Ke7 55. Ra6 Bxa3 56. Ra7+
Ke8 57. Re1 Bd6 58. Rxa4 Rd7 59. g3 Kf7 60. Kg2 Kf6 61. Ra6
Ke7 62. Rd1 Ke6 63. Rb1 Ke7 64. Rbb6 Ke6 65. Ra8 Kd5 66. Rg8
Be7 67. Rh6 1-0

[Event "Women's Olympiad"]
[Site "Dresden GER"]
[Date "2008.11.13"]
[EventDate "2008.11.13"]
[Round "1"]
[Result "0-1"]
[White "Betul Cemre Yildiz"]
[Black "Regina Pokorna"]
[WhiteElo "2219"]
[BlackElo "2376"]
[PlyCount "68"]

1. e4 e5 2. Nf3 Nc6 3. d4 exd4 4. Nxd4 Bb4+ 5. c3 Bc5 6. Nxc6
bxc6 7. Bd3 Ne7 8. O-O O-O 9. Nd2 d6 10. Qc2 Ng6 11. Nb3 Bb6
12. c4 Ne5 13. Be2 c5 14. Be3 Nc6 15. Rad1 Qe7 16. f4 Bb7
17. a3 Rae8 18. Bd3 f5 19. e5 Qf7 20. Rfe1 dxe5 21. Bxc5 exf4
22. Bxb6 cxb6 23. Rxe8 Qxe8 24. c5 Qe3+ 25. Qf2 Ne5 26. Qxe3
fxe3 27. Be2 f4 28. cxb6 axb6 29. Nd4 Rf6 30. Nf3 Nxf3+
31. gxf3 g5 32. Rd7 Bc6 33. Rd3 Kg7 34. h3 Bb5 0-1

[Event "Women's Olympiad"]
[Site "Dresden GER"]
[Date "2008.11.14"]
[EventDate "2008.11.13"]
[Round "2"]
[Result "1-0"]
[White "Jenine Ellappen"]
[Black "Betul Cemre Yildiz"]
[WhiteElo "1917"]
[BlackElo "2219"]
[PlyCount "101"]

1. e4 c5 2. Nf3 e6 3. d4 cxd4 4. Nxd4 Nc6 5. c4 Nf6 6. Nc3 Bb4
7. f3 Qc7 8. Be3 a6 9. Qd2 O-O 10. Be2 Ne5 11. a3 Be7 12. Rc1
d6 13. O-O b6 14. Rfe1 Bb7 15. Bf1 Rac8 16. b4 Qb8 17. Na4
Ned7 18. Qf2 Ba8 19. Rb1 Rfe8 20. Nb2 Bf8 21. b5 a5 22. Na4
Nc5 23. Nxc5 dxc5 24. Ne2 Bd6 25. Qh4 Rcd8 26. Red1 Nd7
27. Nf4 Be5 28. Nh5 Nf8 29. f4 Rxd1 30. Rxd1 Bb2 31. e5 Ng6
32. Qg5 h6 33. Qg4 Be4 34. Ng3 Qa8 35. Nxe4 Qxe4 36. Qe2 Bxa3
37. Qf2 Qa8 38. Rd6 Qb8 39. Qd2 Ne7 40. Bd3 Bb4 41. Qd1 Kf8
42. Bc2 Qa7 43. Bf2 g6 44. Bh4 Bc3 45. Rd7 Qa8 46. Bxe7+ Kg7
47. Bf6+ Kg8 48. Rxf7 Bd4+ 49. Kh1 Kxf7 50. Bxg6+ Kf8 51. Qh5
1-0